Tribesmen /

Salvato in:
Dettagli Bibliografici
Autore principale: Sahlins, Marshall D. (autor)
Natura: Libro
Lingua:inglese
Pubblicazione: Englewood Cliffs, EUA : Prentice-Hall, 1968, c1968
Tags: Aggiungi Tag
Nessun Tag, puoi essere il primo ad aggiungerne!!

MARC

LEADER 00000nam^a2200000^a^4500
001 000557171
005 20250521000000.0
009 20260310131755.068
037 |a Acervo ITESO - Biblioteca 
041 |a ING 
091 |a FGM. 00307 
100 |a Sahlins, Marshall D.  |e (autor) 
245 1 0 |a Tribesmen / 
264 4 |a Englewood Cliffs, EUA :  |b Prentice-Hall,  |c 1968, c1968 
300 |a X, 118 p. 
336 |a texto  |b txt  |2 rdacontenido 
337 |a sin mediación  |b n  |2 rdamedio 
338 |a volumen  |b nc  |2 rdasoporte 
649 |a XX 
910 |a Fondo Efraín González Morfín 
920 |a Impresos - Libros 
930 |a Fondos Especiales 
905 |a 130 
901 |a 0500390817  |b IT2  |c ESL  |i D90715  |u 20250521 
902 |a https://opac.biblio.iteso.mx/vufind/Record/000557171